| 000 | 01135aam a2200313 i 4500 | ||
|---|---|---|---|
| 001 | 768714001 | ||
| 003 | CO-MdFUSB | ||
| 005 | 20220204172815.0 | ||
| 007 | ta | ||
| 008 | 220204t1971 -us |||| |||| 00| 0 spa d | ||
| 020 | _a[No incluye ISBN] | ||
| 040 |
_bspa. _aCO-MdFUSB _cCO-MdFUSB _dCO-MdFUSBC _erda |
||
| 041 | _aspa | ||
| 082 | 0 | 4 |
_a250 _223 _bP732j |
| 100 | 1 |
_aPlowman, Edward E. _eautor |
|
| 245 | 1 | 4 |
_aThe Jesus movement in America : _baccounts of christian revolutionaries in action _c/ Edward E. Plowman |
| 264 | 1 |
_aNew York, USA : _bPyramid Books, _c[1971] |
|
| 264 | 4 | _c© 1971 | |
| 300 |
_a128 páginas _c; 18 cm |
||
| 336 |
_atexto _btxt _2rdacontent |
||
| 337 |
_2rdamedia _asin mediación _bn |
||
| 338 |
_2rdacarrier _avolumen _bnc |
||
| 505 | _aEstá sucediendo ahora --El submarino rojo -- No estaban solos -- Reuniéndose -- En casa en la escena -- Liberando el campus --La prensa libre de Dios -- Música de movimiento -- Mientras tanto, de vuelta en la iglesia -- ¿Moda o fe? | ||
| 563 | _aRústico | ||
| 650 | 7 |
_aVida religiosa _921 |
|
| 942 | _cBK | ||
| 945 | _aJTF-925 | ||
| 999 |
_c38452 _d38452 |
||